000 00390nam a2200157Ia 4500
008 230711s9999||||xx |||||||||||||| ||und||
041 _aENG
082 _a620
_bHO-E
100 _aHolman,J.P
245 0 _aExperimental methods for engineers
250 _a7th
260 _c2007
_aNew York
_bTata McGraw Hill Education Limited
300 _a664
650 _aGENERAL ENGINEERING
942 _cBK
999 _c347
_d347